00728nam a2200217Ia 4500003000400000005001700004008004100021020001800062040000700080041000800087082001900095100002500114245006200139260004200201300001700243365001300260906006400273942001200337999001900349952014200368OSt20230330102353.0210423s2011 xx 000 0 und d a9788120341791 cAL aeng a547.2 NARR223 aNARAIN (R P).941431 aFundamentals of reaction mechanisms in organic chemistry. aNew DelhibPHI Learning Pvt Ltdc2011 axiii,265bPB b275cINR achemistry. ; Fundamentals ; mechanisms ; organic ; reaction 2ddccBK c154565d154565 001040708ACaSACPGbSACPGd2011-07-16eAthulya Booksg275.00l1o547.2 NARRpPG001033r2022-08-24 00:00:00s2022-07-02w2021-04-26yBK